000 01276cam a22003251i 4500
003 SA-RiAUC
005 20240912123835.0
008 240911s1997 jo k g b 00000 ara c
040 _aSA-RiAUC
_bara
_cSA-RiAUC
_erda
050 4 _b.A28 1997
082 0 4 _a658.4052
_qSA-RiAUC
090 _a 658.4052
_bا ب و ش
100 1 _aأبو شيخة، نادر أحمد
_eمؤلف.
245 1 0 _aأصول التفاوض /
_cنادر أحمد أبو شيخة.
250 _aالطبعة الأولى.
264 1 _aعمان، الأردن :
_bدار مجدلاوي للنشر والتوزيع،
_c1997
300 _a396 صفحة :
_bأشكال ؛
_c24 سم
336 _aنص
_btxt
_2rdacontent
_3كتاب
337 _aبدون وسيط
_bn
_2rdamedia
338 _aمجلد
_bnc
_2rdacarrier
504 _aببليوجرافية : صفحة 391-396.
650 7 _aالمفاوضات في إدارة الأعمال
_2aucsh
650 7 _aإدارة الأعمال
_2aucsh
650 7 _aالقيادة الإدارية
_2aucsh
650 7 _aعلم النفس السياسي
_2aucsh
650 7 _aعلم النفس الاجتماعي
_2aucsh
650 7 _aالاتصال (علم اجتماع)
_2aucsh
942 _2ddc
_cBOOK
949 _aSA-JeALM
_d240911
_umohamedma123
_n1
999 _c215
_d215